Northern Attitude - Noah Kahan (All Lyrics) - Statistics

General Stats
  • This quiz has been taken 96 times
  • The average score is 227 of 272
Answer Stats
Lyrics % Correct
a
97%
northern
96%
you
96%
You
96%
you?
96%
attitude,
94%
I
94%
the
94%
How
93%
how
93%
in,
93%
in
93%
my
93%
out
93%
was
93%
Forgive
91%
raised
91%
to
91%
and
90%
If
90%
not
90%
too
90%
Where
90%
are
88%
I'm
88%
oh,
88%
Oh
88%
oh
88%
(Oh)
88%
on
88%
your
88%
been?
87%
down?
87%
down,
87%
get
87%
little
87%
close
86%
cold
86%
don't
86%
life
86%
sun
86%
hoped
84%
kids?
84%
kids,
84%
settle
84%
it
83%
now
83%
summertime
83%
wife
83%
Breathin'
81%
breathin'
81%
build
81%
does
81%
lose
81%
they
81%
'til
81%
What
81%
boat,
80%
light
80%
rise
80%
feelin'
78%
mean?
78%
friends,
77%
routine
77%
You're
77%
you're
77%
settled
74%
live,
72%
All
70%
die
70%
lost,
70%
lost
70%
then
70%
gettin'
68%
proud?
67%
right?
67%
Scared
67%
scared
67%
shine
67%
some
67%
high
65%
alone
64%
rocks
64%
kickin'
62%
late
62%
stoned,
62%
shit,
59%
ah
55%
search
55%
Bought
54%
online
48%
four)
28%
three,
28%
(One,
26%
two,
26%
Sick
23%
No matching quizzes found
Score Distribution
Percent of People with Each Score
Percentile by Number Answered
Your Score History
You have not taken this quiz